La Riforma sociale / (Record no. 2156)

MARC details
000 -LEADER
campo de control de longitud fija 00859nas a2200277 i 4500
001 - NÚMERO DE CONTROL
campo de control 2156
003 - IDENTIFICADOR DE NÚMERO DE CONTROL
campo de control ES-MaACL
005 - FECHA Y HORA DE LA ÚLTIMA TRANSACCIÓN
campo de control 20250805062558.0
007 - CAMPO FIJO DE DESCRIPCIÓN FÍSICA--INFORMACIÓN GENERAL
campo de control de longitud fija t|
008 - DATOS DE LONGITUD FIJA--INFORMACIÓN GENERAL
campo de control de longitud fija 950801d18941935it | | 1 ||ta d
022 ## - NÚMERO INTERNACIONAL NORMALIZADO PARA PUBLICACIONES SERIADAS
Número Internacional Normalizado para Publicaciones Seriadas 1594-7769
245 03 - MENCIÓN DEL TÍTULO
Título La Riforma sociale /
Mención de responsabilidad, etc. dir. Francesco S. Nitti e Luigi Roux.
260 ## - PUBLICACIÓN, DISTRIBUCIÓN, ETC.
Lugar de publicación, distribución, etc. Torino :
Nombre del editor, distribuidor, etc. Roux Frassati,
Fecha de publicación, distribución, etc. 1894-1935.
300 ## - DESCRIPCIÓN FÍSICA
Extensión 17 v. ;
Dimensiones 25 cm.
310 ## - PERIODICIDAD ACTUAL
Periodicidad actual Mensual
321 ## - PERIODICIDAD ANTERIOR
Periodicidad anterior Quincenal,
Fechas de la periodicidad anterior 1894-96
362 0# - FECHAS DE PUBLICACIÓN Y/O DESIGNACIÓN SECUENCIAL
Fecha de publicación y/o designación secuencial Año I, v. I (mar. 1894)-(1935)
500 ## - NOTA GENERAL
Nota general No figura el v. XVIII, no obstante los años siguen correlativos.
650 #7 - PUNTO DE ACCESO ADICIONAL DE MATERIA--TÉRMINO DE MATERIA
Término de materia o nombre geográfico como elemento de entrada Sociología
Fuente del encabezamiento o término embne
9 (RLIN) 17195
700 1# - ENTRADA AGREGADA--NOMBRE PERSONAL
Nombre de persona Nitti, Francesco Saverio (
Fechas asociadas al nombre 1868-1953)
9 (RLIN) 130500
700 1# - ENTRADA AGREGADA--NOMBRE PERSONAL
Nombre de persona Roux, Luigi,
Término indicativo de función/relación
9 (RLIN) 194408
700 1# - ENTRADA AGREGADA--NOMBRE PERSONAL
Nombre de persona Einaudi, Luigi,
Término indicativo de función/relación
9 (RLIN) 126921
852 ## - LOCALIZACIÓN
Ubicación ES-MaACL
Número de control de estantería Hem-338
866 #0 - MENCIÓN TEXTUAL DE FONDOS--UNIDAD BIBLIOGRÁFICA BÁSICA
Fondos 1896-1911.
Holdings
Estatus retirado Estado de pérdida Estado de daño No para préstamo Colección Biblioteca de origen Biblioteca actual Ubicación en estantería Fecha de adquisición Fuente de adquisición Total de préstamos Signatura topográfica completa Código de barras Visto por última vez Precio de reemplazo Tipo de ítem Koha
        Periódicos y Revistas Biblioteca del Ateneo de Madrid Biblioteca del Ateneo de Madrid Depósito 1 17/01/2008     Hem-338 1002195 23/02/2023 23/02/2023 Revista